LIBRARY & INFORMATION CENTRE, KCAET, TAVANUR

ONLINE PUBLIC ACCESS CATALOGUE (OPAC)

Letters / (Record no. 11842)

MARC details
000 -LEADER
fixed length control field 00364cam a2200157ua 4500
041 ## - LANGUAGE CODE
Language code of text/sound track or separate title eng
082 ## - DEWEY DECIMAL CLASSIFICATION NUMBER
Classification number 826
Item number GOR/LE
100 ## - MAIN ENTRY--AUTHOR NAME
Personal name Maxim, Gorky .
245 ## - TITLE STATEMENT
Title Letters /
250 ## - EDITION STATEMENT
Edition statement 1 /
260 ## - PUBLICATION, DISTRIBUTION, ETC. (IMPRINT)
Place of publication Moscow :
Name of publisher Progress Publishers ,
Year of publication 1966.
300 ## - PHYSICAL DESCRIPTION
Number of Pages 199 ; .
942 ## - ADDED ENTRY ELEMENTS (KOHA)
Koha item type Books
Holdings
Withdrawn status Lost status Damaged status Home library Current library Date acquired Full call number Accession Number Koha item type
Withdrawn     KAUAET Malayalam University 16/11/2023 826 GOR/LE 11000 Books
Withdrawn     KAUAET Sanskrit University 07/04/2012 826 11194 Books
free website counter